000
00306nam a22001337a 4500
008
170622b xxu||||| |||| 00| 0 eng d
020
_a
9781568028781
041
_a
eng
080
_a
32
100
_a
20
101
_a
SHP
245
_a
ENVIRONMENTAL POLITICS AND POLICY
_c
ROSENBAUM, W.A
942
_2
udc
_c
BK
999
_c
18758
_d
18758